Tata McGraw-Hill's chemistry : (Record no. 14642)

MARC details
000 -LEADER
fixed length control field 00855nam a22002657a 4500
001 - CONTROL NUMBER
control field ENG-90620
003 - CONTROL NUMBER IDENTIFIER
control field dpl
005 - DATE AND TIME OF LATEST TRANSACTION
control field 2008072908108.0
006 - FIXED-LENGTH DATA ELEMENTS--ADDITIONAL MATERIAL CHARACTERISTICS--GENERAL INFORMATION
fixed length control field a|||||r|||||00| 0
008 - FIXED-LENGTH DATA ELEMENTS--GENERAL INFORMATION
fixed length control field 080729t xxu||||| |||| 00| 0 eng d
010 ## - LIBRARY OF CONGRESS CONTROL NUMBER
LC control number ENG-90620
020 ## - INTERNATIONAL STANDARD BOOK NUMBER
International Standard Book Number 0070263523
Terms of availability 110.00
035 ## - SYSTEM CONTROL NUMBER
System control number EN-74153
037 ## - SOURCE OF ACQUISITION
Source of stock number/acquisition DBAD / PUB
040 ## - CATALOGING SOURCE
Original cataloging agency DPL
082 ## - DEWEY DECIMAL CLASSIFICATION NUMBER
Classification number 540
100 ## - MAIN ENTRY--PERSONAL NAME
Personal name Dhawan, Prem
245 ## - TITLE STATEMENT
Title Tata McGraw-Hill's chemistry :
Statement of responsibility, etc by Prem Dhawan
Remainder of title for class X
260 ## - PUBLICATION, DISTRIBUTION, ETC. (IMPRINT)
Place of publication, distribution, etc New Delhi
Name of publisher, distributor, etc Tata McGraw-Hill Publishing
Date of publication, distribution, etc c2008
270 ## - ADDRESS
Address 7, West Patel Nagar
City New Delhi
State or province Delhi
Postal code 110008
300 ## - PHYSICAL DESCRIPTION
Extent xiv, 217 p.
Dimensions 24 cm. (Pbk)
650 ## - SUBJECT ADDED ENTRY--TOPICAL TERM
Topical term or geographic name as entry element Chemistry
942 ## - ADDED ENTRY ELEMENTS (KOHA)
Institution code [OBSOLETE] dpl
Koha item type English Books
Source of classification or shelving scheme Dewey Decimal Classification
Classification part 540
Call number suffix DHA
Holdings
Withdrawn status Lost status Source of classification or shelving scheme Damaged status Not for loan Collection code Home library Current library Date acquired Source of acquisition Cost, normal purchase price Total Checkouts Full call number Barcode Date last seen Cost, replacement price Price effective from Koha item type
    Dewey Decimal Classification   Not For Loan Non-fiction D.B.Act.Division D.B.Act.Division 29/07/2008 DBAD / PUB 110.00   540 DHA EN-74153 15/09/2008 110.00 15/09/2008 English Books

© Delhi Public Library
Hit Counter
free hit counter